MDQL
is popping MORE tags! Check the
thread
!
Quizzes
Events
Quiz Creation
Community
Videos
Private Events
Remove Ads
Sign In
Join for FREE
Feedback
Dark Mode
Quiz Categories
Sports
Geography
Music
Movies
Television
Just For Fun
Miscellaneous
History
Literature
Language
Science
Gaming
Entertainment
Religion
Holiday
For Kids
Quiz Lab
Recent
Popular Today
Quiz Kudos Today
Editor Picks
Curator Picks
Quizzes by...
Day
Popularity
Type
Ratings
Length
Year
Community
Subscriptions
Recent Discussions
Orange Saloon
Badges
Playlists
Quests
Create
Leaderboards
Showdown
Live 5
Trivia Bingo
Activity
Puzzle Library
Sporcle Events
Private Events
Virtual Trivia
Globe League
Become a Host
Pub Owners
SporcleCon
Opinionation
Our Games
Videos
Blog
Mobile Apps
Partnerships
Remove Ads and Go Orange
Feedback
Music
Pop Music
The Beatles
Song
Album
Lyrics
Bands
Singers
Artist
Clip
Rock
Rap
Classical
Billboard
Country Music
Kpop
Taylor Swift
Music
Pop Music
The Beatles
Song
Album
Lyrics
Bands
Singers
Artist
Clip
Rock
Rap
Classical
Billboard
Country Music
Kpop
Taylor Swift
Random Quiz
Search Sporcle
×
Quiz Lab
Quiz Lab
Music
Lyrics
Select answers by clicking on text or image buttons
Select answers by clicking on text or image buttons
Clickable
Best Score? Go Orange.
NF First Line Quiz Stats
Can you pick the first line from these NF songs?
By
MoldyLoaf
20m
93 Questions
3,848 Plays
3,848 Plays
3,848 Plays
Comments
Comments
Give Quiz Kudos
Give Quiz Kudos
-
- Ratings
hide this ad
Forced Order
Answers have to be entered in order
Answers have to be entered in order
Replay
Link that replays current quiz
Next Quiz
Link to next quiz in quiz playlist
You Got
0%
They Got
Avg Score
32%
Avg Friend Score
Upgrade to see
Score Distribution
Jump to the score distribution portion of the page
Score
0/93
Timer
20:00
0
Plays Today
% Correct
Lie
74.1%
How Could You Leave Us
72.3%
The Search
72.3%
Time
70.8%
3 A.M.
69.6%
Outcast
65.2%
Paid My Dues
65.1%
When I Grow Up
63.3%
Mansion
62.8%
Paralyzed
62.6%
My Stress
62.1%
Hate Myself
61.3%
Intro III
60.6%
Let You Down
60.6%
Therapy Session
59%
Beautiful
56.5%
Leave Me Alone
56%
Oh Lord
55.1%
Nate
51.9%
I Miss The Days
51.9%
Destiny
51.3%
Lost In The Moment
50.8%
Remember This
50%
Intro 2
49.1%
Why
49%
Real
48.7%
Only (feat. Sasha Sloan)
48.6%
Change
48.5%
If You Want Love
48.1%
Wake Up
47.2%
No Name
46.7%
% Correct
No Excuses
45.2%
Alone
44.7%
Green Lights
44.2%
You're Special
43.2%
Let Me Go
42.5%
Notepad
41.7%
Got You On My Mind
41.5%
Grindin'
41.5%
All I Have
39.7%
I'll Keep On
39.7%
Dreams
39.6%
Turn the Music Up
39.5%
Trauma
39.4%
One Hundred
39.1%
Outro
39%
Wait
37.1%
Know
36.8%
All I Do
35%
This Thing Called Love
34.5%
Intro
33.7%
Returns
32.5%
Breathe
32.4%
Can You Hold Me
31.9%
10 Feet Down
31.4%
Like This
30.1%
I Just Wanna Know
30%
Face It
29.3%
My Life
29.3%
Statement
28.8%
Warm Up
28.1%
Options
28%
% Correct
Hands Up
24.2%
Motivated
24.1%
Understand Me
22.6%
Beautiful Addiction
21.5%
Miss You
20.9%
Thinking
20.8%
Only One
20.8%
Wish You Wouldn't
20.6%
I've Been There
20.1%
Escape
19.7%
Reality
19.3%
I Got Jesus
18.9%
Invisible
18.4%
Overdose
17.5%
I Can Feel It
14.8%
Just Being Me
14.7%
Circles
13%
Goodbye
11.7%
With You
9.3%
Falling Away
8.9%
On Another Level
8.9%
Moments
8.4%
I'm Ready
8.3%
I'm Gonna Fly
8%
Only One (feat. Shuree Williams)
7.8%
That's Alright
7.4%
Until I Die
7.3%
Your Grace
5.9%
I'm Free
5.8%
Not The Same
5.1%
Wrap Me In Your Arms
4.6%
Quiz Playlist
Details
Report
Send in Message
Add To Playlist
Clickable:
Select answers by clicking on text or image buttons
Forced Order:
Answers have to be entered in order
Last Updated: Dec 5, 2019
Quiz Scoreboard
CHALLENGE
Sign Up to Join the Scoreboard
Show All
Scores
Hide
Comments
May contain spoilers
Recently Published
1-10 Letter E Words III
by El_Dandy
Language
2m
Street Fighter Characters
by Artimus82
Gaming
60s
College Basketball Coaching Resumes
by pancakes188
Sports
9m
More to Explore
Quiz From the Vault
Featured Blog Post
Where Did the Easter Bunny Come From?
hide this ad
You Might Also Like...
Tags
Lyrics Quiz
Today's Top Quizzes in Music
Browse Music
hide this ad
Today's Top Quizzes in Lyrics
Browse Lyrics
Top Contributed Quizzes in Music
1
Taylor Swift All Songs (2024)
2
Taylor Swift Logic Puzzle
3
Guess the Artist- 70s Songs
4
7-to-1: Billboard Hot 100 #1 Hits of 2010s
5
Sorting Albums and Songs
6
Billboard Blitz: Aretha Franklin
7
KPOP LOGIC QUIZ
8
Guess the Taylor Swift song (Mystery Song)
9
Guess The Taylor Swift Lyrics Song #1
10
Billboard Blitz: ABBA
Explore More
Trending Topics
Anime
Kpop
NBA
Disney
Harry Potter
Crossword
Marvel
Country
Song
NFL
The Office
Pokémon
Puzzle
WWE
Soccer
hide this ad
More By:
MoldyLoaf
Quiz
Plays
Rating
Category
Featured
Created
NF First Line Quiz
3,848
4.50
Music
Jun 5, 2017
NF Songs List
1,869
5.00
Music
Sep 28, 2017
NF If You Want Love Lyrics
1,269
4.40
Music
Oct 12, 2017
Twenty One Pilots Song Quiz
1,040
4.71
Music
Apr 25, 2017
NF Paralyzed Lyrics
922
5.00
Music
Sep 17, 2017
Go to Creator's Profile
Score Distribution
Quiz Creator Spotlight
MoldyLoaf
Follow
Send a Message
Quizzes Created
-
Created Quiz Play Count
-
More By This Creator
Popular Quizzes Today
1
Find the US States - No Outlines Minefield
2
Find the Countries of Europe - No Outlines Minefield
3
The Countries of the World
4
Find the US States
5
Risky Map Clicking: Biggest States A-Z
6
US States
7
Popular People in 1961
8
Movies - When Are They Set?
More Music Quizzes
According to Elvis Songs
Editor's Pick
Trending Quizzes
Risky Map Clicking: Least Populous States A-Z
Billboard Blitz: Aretha Franklin
Famous Russians: Author or Composer?
1-10 Letter G Words
Countries of the World: 200 Million BC
Recently Updated
Leaping Animals
pecheneg
Reality TV Shows (A-Z)
bhenderson79
Rickey Henderson's Hall of Fame Teammates
pecheneg
Champions League XIs: Arsenal
pecheneg
Quick Pick: Celebrities in WWE's Hall of Fame
aduchscher
A-Z Keypad Blitz II
pecheneg
Multiple Oscar Actors
pecheneg
Mystery Phrase Blitz: Oscar 'Best Actors'
pecheneg
F. Scott Fitzgerald Novels
LTH
Pick 3 Villains
ddd62291
Trending Topics
Kpop
Crossword
Anime
Disney
Harry Potter
Marvel
NBA
WWE
NFL
Soccer
Song
Country
Puzzle
The Office
Pokémon
Your Account Isn't Verified!
In order to create a playlist on Sporcle, you need to verify the email address you used during registration. Go to your
Sporcle Settings
to finish the process.
Report this User
Report this user for behavior that violates our
Community Guidelines
.
Details:
Send Report
Go to the Sporcle.com Mobile Site →
Comments